[Event "World Amateur-ch U1700 (Women)"]
[Site "Muscat"]
[Date "2023.11.10"]
[Round "9"]
[White "Asudani, Ruhani Raj"]
[Black "Al Mamary, Kothar"]
[Result "1-0"]
[WhiteElo "1576"]
[BlackElo "1407"]
[PlyCount "63"]
[EventDate "2023.11.02"]
[EventType "swiss"]
[EventRounds "9"]
[EventCountry "OMN"]
[SourceTitle "CB47_2023"]
[SourceDate "2023.11.22"]
[SourceVersion "1"]
[SourceVersionDate "2023.11.22"]
[SourceQuality "1"]

1. d4 d5 2. c4 e6 3. cxd5 exd5 4. Nc3 Nf6 5. Bg5 c6 6. e3 Bd6 7. Bd3 h6 8. Bh4 0-0 9. Nge2 Be6 10. h3 Nbd7 11. 0-0 Rc8 12. Rb1 Qa5 13. a3 Qd8 14. b4 a6 15. a4 Re8 16. b5 axb5 17. axb5 c5 18. dxc5 Nxc5 19. Bc2 b6 20. Nd4 g5 21. Bg3 Bxg3 22. fxg3 Nfe4 23. Nxe4 dxe4 24. Qh5 Bc4 25. Nf5 Re6 26. Nxh6+ Rxh6 27. Qxh6 Bxf1 28. Rxf1 Nd3 29. Bb3 Ne5 30. Bxf7+ Nxf7 31. Qg6+ Kh8 32. Rxf7 1-0

[Event "World Amateur-ch U1700 (Women)"]
[Site "Muscat"]
[Date "2023.11.02"]
[Round "1"]
[White "Al Mamary, Kothar"]
[Black "Suchitraa, Viswanathan"]
[Result "1/2-1/2"]
[WhiteElo "1407"]
[BlackElo "1077"]
[PlyCount "59"]
[EventDate "2023.11.02"]
[EventType "swiss"]
[EventRounds "9"]
[EventCountry "OMN"]
[SourceTitle "CB47_2023"]
[SourceDate "2023.11.22"]
[SourceVersion "1"]
[SourceVersionDate "2023.11.22"]
[SourceQuality "1"]

1. d4 d5 2. Nc3 Nf6 3. Bf4 Bf5 4. e3 c6 5. Bd3 Bxd3 6. cxd3 e6 7. Nf3 Bd6 8. Ne5 Qe7 9. Qb3 Nh5 10. Bg3 Nxg3 11. hxg3 Bxe5 12. dxe5 Na6 13. d4 Rc8 14. a3 Nb8 15. Qc2 h6 16. b4 a6 17. Na4 Nd7 18. Nc5 Nb6 19. 0-0 Nc4 20. a4 0-0 21. Rfb1 Rc7 22. Ra2 Rfc8 23. Qb3 Qe8 24. b5 axb5 25. axb5 cxb5 26. Qxb5 Qxb5 27. Rxb5 b6 28. Nd3 Rb7 29. Nb2 Kf8 30. Nd3 1/2-1/2